000 00312nam a22001337a 4500
008 170314b xxu||||| |||| 00| 0 eng d
020 _a9780045600106
041 _aeng
080 _a591
100 _a7
101 _aSHM
245 _aINVERTBEBRATE PALAEONTOLOGY AND EVOLUTION
_cCLARKSON.E,N,K
942 _2udc
_cBK
999 _c7775
_d7775